000 01927cam a22004577a 4500
003 CHAP
005 20220329134652.0
008 971013s1979 es a r 00010 spa d
010 _a23948
011 _a24920
035 _a29020
040 _cCHAP
082 0 4 _a634.653
_bI2
100 0 0 _aIbar Albiñana, Leandro.
_957149
245 1 0 _aAguacate, chirimoyo, mango, papaya
_c/por Leandro Ibar Albiñana
260 _aBarcelona :
_bAedos,
_c1979
300 _a173 p.
_b: ilus
490 0 _aBiblioteca agrícola Aedos
590 _aBATCH-UPD
_b10
_c20130110
_lUCH01
_h1052
590 _aBATCH-UPD
_b10
_c20130410
_lUCH01
_h0649
590 _aBATCH-UPD
_b10
_c20130913
_lUCH01
_h2259
590 _aCONVERSION
_b10
_c20130109
_lUCH01
_h1314
650 1 4 _aAguacate.
_92490
650 1 4 _aChirimoya.
_922608
650 1 4 _aMango.
_970395
650 1 4 _aPapaya.
_985322
830 0 _aBiblioteca agrícola Aedos
_912228
901 _aBK
942 _cLIBRO
949 _a634.653 I2
_bBC
_cLIBRO
_d-67084
_eLIBRO
_h46815
_i29020
_si
_t315.00
949 _a634.653 I2
_bBC
_cLIBRO
_d-67085
_eLIBRO
_fc.2
_h46816
_i29020
_si
_t315.00
949 _a634.653 I2
_bBC
_cLIBRO
_d-67087
_eLIBRO
_fc.3
_h46817
_i29020
_si
_t315.00
949 _a634.653 I2
_bBC
_cLIBRO
_d-67090
_eLIBRO
_fc.6
_h62369
_i29020
_si
_t315.00
949 _a634.653 I2
_bBC
_cLIBRO
_d33724000224333
_eLIBRO
_fc.8
_gI.144601
_h74706
_i29020
_si
_t980.00
949 _a634.653 I2
_bBC
_cLIBRO
_d33724000791562
_eLIBRO
_fc.9
_h98773
_i29020
_kDonaciØn
_so
949 _a634.653 I2
_bBC
_cLIBRO
_d33724000802799
_eLIBRO
_fc.4
_h62367
_i29020
_si
_t315.00
949 _a634.653 I2
_bBC
_cLIBRO
_d33724000807327
_eLIBRO
_fc.7
_h66504
_i29020
_so
_t980.00
949 _a634.653 I2
_bBC
_cLIBRO
_d33724000819421
_eLIBRO
_fc.10
_gc/e
_h99970
_i29020
_si
_t$ 88.20
949 _a634.653 I2
_bBC
_cLIBRO
_d33724000876181
_eLIBRO
_fc.11
_gc/e
_h102978
_i29020
_sb
949 _a634.653 I2
_bBC
_cLIBRO
_d33724000942496
_eLIBRO
_fc.5
_h62368
_i29020
_si
_t315.00
999 _c23948
_d23948